01330na a2200289 450000100060000000300080000600500170001400800410003102000150007203500100008704000250009708200290012209000280015111000550017924501160023426000810035030000220043149000700045365000770052365000720060065000490067265000660072194200130078795201100080095201150091099900150102515728MIRAKIL20181213155120.0160923b tu 000 0  a975192278X a15728 aMilasbturcTR-AnCHP a323.0709561bİ57i 1999 a323.0709561 İ57i 1999 aİnsan Hakları Eğitimi On Yıl Ulusal Komitesi aİnsan hakları eğitimi Türkiye programları 1998-2007cİnsan Hakları Eğitimi On Yıl Ulusal Komitesi aAnkarabİnsan Hakları Eğitimi On Yıl Ulusal Komitesi Yayınlarıc1999 avi, 52 s.c20 sm. aİnsan Hakları Eğitimi On Yıl Ulusal Komitesi yayınlarıv1 aİnsan hakları eğitimixSivil toplum kuruluşları (STK)zTürkiye aİnsan hakları eğitimixKitle iletişim araçlarızTürkiye aİnsan hakları eğitimixHukukzTürkiye aİnsan haklarıxEğitim programlarıy1998-2007zTürkiye 2ddccBKS a0001b0001d2016-09-23e2l0o323.0709561 İ57i 1999p004130r2016-09-23 00:00:00v0.00w2016-09-23yBKS a0001b0001d2016-09-23e2l0o323.0709561 İ57i 1999p004131r2016-09-23 00:00:00tk.2v0.00w2016-09-23yBKS c6814d6814